000 00452nam a22001337a 4500
040 _cNUST
082 _a220 PRO
100 _aMohammad Abdullah Malik Qasim Ali Rahmat Muhammad Azhar Ul Haque Haseeb Arif Butt
_985656
110 _a Project Supervisor Dr Zafar Bangash
_985657
245 _aPR-SOF-2057-Fan Noise Reduction Using Tubercle Effect
260 _aISLAMABAD:
_bNUST COLLEGE OF EME,
_c2021.
650 _aDE-MECH-39
_985658
942 _2ddc
_cPR
999 _c587047
_d587047